| 000 | 00800cam a22002291 4500 | ||
|---|---|---|---|
| 001 | sa 68002019 | ||
| 003 | DLC | ||
| 005 | 20260227112439.0 | ||
| 008 | 710903s1960 si b b 00010 eng | ||
| 010 | _asa 68002019 //r882 | ||
| 043 |
_aa-br--- _aa-ii--- |
||
| 050 | 0 |
_aDS450.B8 _bS5 |
|
| 100 | 1 | 0 | _aSinghal, Damodar P. |
| 245 | 1 | 4 |
_aThe annexation of Upper Burma, _cby D. P. Singhal. |
| 260 | 0 |
_aSingapore, _bPublished by D. Moore for Eastern Universities Press, _c1960. |
|
| 300 |
_a129 p. _bmap. _c19 cm. |
||
| 500 | _aRev. ed. published as: British diplomacy and the annexation of Upper Burma, 1981. | ||
| 504 | _aBibliography: p. 118-121. | ||
| 651 | 0 |
_aBurma _xForeign relations _zIndia. |
|
| 651 | 0 |
_aIndia _xForeign relations _zBurma. |
|
| 651 | 0 |
_aBurma _xPolitics and government _y1824-1948. |
|
| 999 |
_c78388 _d78388 |
||